01442nam a22001937a 4500040000900000100001500009245009200024260002000116942000700136999001700143952013600160952013600296952013600432952013600568952013600704952013600840952013600976952013601112 cENG  aENG LENG  aការអភិវឌ្ឍជនបទនិងចលនាភូមិថ្មី aRUAbENG c2019 cKB c19706d19706 0010406636_000000000000000_ENG_2019_C139_OR70986755aLBCbLBCcC139d2021-03-15eA062873o636 ENG 2019 C139 Or.r2021-03-15yKB 0010406636_000000000000000_ENG_2019_C139_OR70986756aLBCbLBCcC139d2021-03-15eA063049o636 ENG 2019 C139 Or.r2021-03-15yKB 0010406636_000000000000000_ENG_2019_C139_OR70986757aLBCbLBCcC139d2021-03-15eA063519o636 ENG 2019 C139 Or.r2021-03-15yKB 0010406636_000000000000000_ENG_2019_C139_OR70986758aLBCbLBCcC139d2021-03-15eA062989o636 ENG 2019 C139 Or.r2021-03-15yKB 0010406636_000000000000000_ENG_2019_C139_OR70986759aLBCbLBCcC139d2021-03-15eA062933o636 ENG 2019 C139 Or.r2021-03-15yKB 0010406636_000000000000000_ENG_2019_C139_OR70986760aLBCbLBCcC139d2021-03-15eA062813o636 ENG 2019 C139 Or.r2021-03-15yKB 0010406636_000000000000000_ENG_2019_C139_OR70986761aLBCbLBCcC139d2021-03-15eA062817o636 ENG 2019 C139 Or.r2021-03-15yKB 0010406636_000000000000000_ENG_2019_C139_OR70986762aLBCbLBCcC139d2021-03-15eA063379o636 ENG 2019 C139 Or.r2021-03-15yKB